<?xml version="1.0" encoding="UTF-8"?>
<marc:record xmlns:marc="http://www.loc.gov/MARC21/slim">
   <marc:leader>00000nam a2200000 a 4500</marc:leader>
   <marc:datafield ind1="1" ind2=" " tag="100">
      <marc:subfield code="a">Nitsch, Cornelia</marc:subfield>
      <marc:subfield code="4">aut</marc:subfield>
      <marc:subfield code="e">Verfasser/-in</marc:subfield>
   </marc:datafield>
   <marc:datafield ind1=" " ind2=" " tag="653">
      <marc:subfield code="a">Namenslexikon</marc:subfield>
   </marc:datafield>
   <marc:datafield ind1="0" ind2="0" tag="245">
      <marc:subfield code="a">Vornamen</marc:subfield>
   </marc:datafield>
   <marc:datafield ind1="0" ind2="0" tag="245">
      <marc:subfield code="b">von beliebt bis ausgefallen. Mehr als 6000 Namen aus aller Welt. Herkunft, Bedeutung, Kurz- und Koseformen</marc:subfield>
   </marc:datafield>
   <marc:datafield ind1="0" ind2="0" tag="245">
      <marc:subfield code="c">Nitsch, Cornelia</marc:subfield>
   </marc:datafield>
   <marc:datafield ind1=" " ind2="1" tag="264">
      <marc:subfield code="a">München</marc:subfield>
      <marc:subfield code="b">Gräfe &amp; Unzer</marc:subfield>
      <marc:subfield code="c">2009</marc:subfield>
   </marc:datafield>
   <marc:datafield ind1="1" ind2=" " tag="490">
      <marc:subfield code="a">Der grosse GU-Kompass</marc:subfield>
   </marc:datafield>
   <marc:datafield ind1="1" ind2=" " tag="520">
      <marc:subfield code="a">Wie soll unser Kind heißen? Der Kompass hilft werdenden Eltern bei dieser Frage weiter, indem er inspiriert und informiert.&lt;br&gt;&lt;br&gt;Er bietet mehr als 2.000 Mädchen- und Jungennamen, jeweils von A bis Z, mit Angaben zu Herkunft und Bedeutung, Kurz- und Koseformen und Namenstagen. Aktuelle deutsche Namen finden sich darin ebenso wie klangvolle internationale Namen, in einer guten Mischung aus gebräuchlichen und auch etwas ausgefalleneren Namen. Mit einer Hitliste der beliebtesten Namen der vergangenen fünf Jahre und nützlichen Informationen zur Namensgebung.Wie soll unser Kind heißen? Der Kompass hilft werdenden Eltern bei dieser Frage weiter, indem er inspiriert und informiert. Er bietet mehr als 2.000 Mädchen- und Jungennamen, jeweils von A bis Z, mit Angaben zu Herkunft und Bedeutung, Kurz- und Koseformen und Namenstagen. Aktuelle deutsche Namen finden sich darin ebenso wie klangvolle internationale Namen, in einer guten Mischung aus gebräuchlichen und auch etwas ausgefalleneren Namen. Mit einer Hitliste der beliebtesten Namen der vergangenen fünf Jahre und nützlichen Informationen zur Namensgebung. (Verlagstext)</marc:subfield>
   </marc:datafield>
   <marc:datafield ind1=" " ind2=" " tag="020">
      <marc:subfield code="a">9783833814594</marc:subfield>
      <marc:subfield code="9">9783833814594</marc:subfield>
   </marc:datafield>
   <marc:datafield ind1=" " ind2=" " tag="020">
      <marc:subfield code="a">3833814594</marc:subfield>
      <marc:subfield code="9">3833814594</marc:subfield>
   </marc:datafield>
   <marc:datafield ind1=" " ind2=" " tag="041">
      <marc:subfield code="a">ger</marc:subfield>
   </marc:datafield>
   <marc:datafield ind1=" " ind2=" " tag="338">
      <marc:subfield code="a">Band</marc:subfield>
   </marc:datafield>
   <marc:datafield ind1=" " ind2=" " tag="300">
      <marc:subfield code="a">256 S.</marc:subfield>
   </marc:datafield>
</marc:record>
